[Event "257th YMCA Spring A"]
[Site "Warsaw"]
[Date "2022.04.26"]
[Round "4"]
[White "Choroszej, Aleksander"]
[Black "Niedbal, Piotr"]
[Result "1-0"]
[WhiteElo "2020"]
[BlackElo "1866"]
[PlyCount "61"]
[EventDate "2022.04.07"]
[EventType "tourn"]
[EventRounds "1"]
[EventCountry "POL"]
[SourceDate "2022.04.05"]

1. d4 Nf6 2. c4 g6 3. Nc3 Bg7 4. e4 d6 5. f4 O-O 6. Nf3 c5 7. d5 e6 8. Be2 exd5
9. cxd5 Re8 10. e5 dxe5 11. fxe5 Ng4 12. e6 fxe6 13. d6 Ne5 14. Ne4 Nxf3+ 15.
Bxf3 Bd4 16. Bg5 Qa5+ 17. Bd2 Qd8 18. Bc3 Nc6 19. Bxd4 cxd4 20. O-O Bd7 21. b4
e5 22. Bg4 Kh8 23. Rf7 Be6 24. Bxe6 Rxe6 25. Qg4 Rxd6 26. Raf1 h5 27. Qg3 Re6
28. Nf6 Re7 29. Qxg6 Rxf7 30. Qh6+ Rh7 31. Qxh7# 1-0

[Event "257th YMCA Spring A"]
[Site "Warsaw"]
[Date "2022.05.06"]
[Round "5"]
[White "Niedbal, Piotr"]
[Black "Pajak, Jakub"]
[Result "1/2-1/2"]
[WhiteElo "1866"]
[BlackElo "1932"]
[PlyCount "62"]
[EventDate "2022.04.07"]
[EventType "tourn"]
[EventRounds "1"]
[EventCountry "POL"]
[SourceDate "2022.04.05"]

1. e4 g6 2. d4 Bg7 3. Nf3 c5 4. c4 cxd4 5. Nxd4 Nc6 6. Be3 Nf6 7. Nc3 O-O 8.
Be2 d6 9. O-O Bd7 10. Qd2 Nxd4 11. Bxd4 Bc6 12. f3 a5 13. b3 Nd7 14. Be3 Nc5
15. Rac1 e6 16. Kh1 Be5 17. Bg5 f6 18. Be3 f5 19. Bg5 Qb6 20. Be7 Rf7 21. Bxd6
Rd7 22. Bxc5 Rxd2 23. Bxb6 Bxc3 24. Rxc3 Rxe2 25. exf5 gxf5 26. a3 Kf7 27. Kg1
Rg8 28. Rf2 Re1+ 29. Rf1 Re2 30. Rf2 Re1+ 31. Rf1 Re2 1/2-1/2

[Event "257th YMCA Spring A"]
[Site "Warsaw"]
[Date "2022.05.06"]
[Round "5"]
[White "Lewandrowski, Tomasz"]
[Black "Choroszej, Aleksander"]
[Result "1/2-1/2"]
[WhiteElo "1858"]
[BlackElo "2020"]
[PlyCount "73"]
[EventDate "2022.04.07"]
[EventType "tourn"]
[EventRounds "1"]
[EventCountry "POL"]
[SourceDate "2022.04.05"]

1. d4 g6 2. Nc3 Bg7 3. Bf4 d6 4. e4 a6 5. Qd2 b5 6. a4 b4 7. Nd1 c5 8. d5 Nf6
9. f3 O-O 10. Bh6 e6 11. Bxg7 Kxg7 12. Bc4 exd5 13. Bxd5 Ra7 14. Ne2 Nxd5 15.
exd5 Nd7 16. O-O Re8 17. Nf2 Nf6 18. c4 a5 19. Rfe1 Rae7 20. Ng3 Rxe1+ 21. Rxe1
Rxe1+ 22. Qxe1 Qe8 23. Qxe8 Nxe8 24. b3 h6 25. h4 Kf6 26. Nd3 Ke7 27. Kf2 Ng7
28. Ke3 Bf5 29. Ne4 h5 30. Kf4 Bc8 31. Ng3 Nf5 32. Nxf5+ Bxf5 33. Ke3 Kf6 34.
Nf2 Bc2 35. Ne4+ Ke7 36. Nd2 f5 37. f4 $11 1/2-1/2

[Event "257th YMCA Spring A"]
[Site "Warsaw"]
[Date "2022.05.06"]
[Round "5"]
[White "Kalejta, Arkadiusz"]
[Black "Moskwinski, Marek"]
[Result "1/2-1/2"]
[WhiteElo "1781"]
[BlackElo "1862"]
[PlyCount "72"]
[EventDate "2022.04.07"]
[EventType "tourn"]
[EventRounds "1"]
[EventCountry "POL"]
[SourceDate "2022.04.05"]

1. e4 e5 2. Nf3 Nf6 3. Nxe5 d6 4. Nf3 Nxe4 5. Qe2 Qe7 6. d3 Nf6 7. Bg5 Qxe2+ 8.
Bxe2 Be7 9. Nc3 O-O 10. O-O-O a6 11. Rhe1 Nc6 12. d4 Bg4 13. h3 Bh5 14. g4 Bg6
15. d5 Nb4 16. Bc4 Bd8 17. Bb3 a5 18. a3 Na6 19. Rd2 Re8 20. Rxe8+ Nxe8 21. Re2
Kf8 22. Bxd8 Rxd8 23. Nh4 Nc5 24. Nxg6+ hxg6 25. Bc4 Nf6 26. Kd2 Re8 27. f3
Rxe2+ 28. Nxe2 Ncd7 29. Nc3 Ke7 30. f4 Nb6 31. Bb3 Nfd7 32. Na4 Nxa4 33. Bxa4
Nf6 34. c4 Ne4+ 35. Ke3 Nc5 36. Bc2 Kf6 $11 1/2-1/2

[Event "257th YMCA Spring A"]
[Site "Warsaw"]
[Date "2022.05.05"]
[Round "5"]
[White "Podgorski, Maciej"]
[Black "Sloniewski, Michal"]
[Result "1-0"]
[WhiteElo "1940"]
[BlackElo "1834"]
[PlyCount "123"]
[EventDate "2022.04.07"]
[EventType "tourn"]
[EventRounds "1"]
[EventCountry "POL"]
[SourceDate "2022.04.05"]

1. e4 d5 2. exd5 Nf6 3. d4 Nxd5 4. c4 Nb6 5. Nf3 Bg4 6. Be2 Nc6 7. d5 Bxf3 8.
Bxf3 Ne5 9. Be2 e6 10. dxe6 Qxd1+ 11. Kxd1 O-O-O+ 12. Kc2 Nexc4 13. exf7 Be7
14. Re1 Bf6 15. Bg4+ Kb8 16. Nc3 Rhf8 17. Be6 Ne5 18. Ne4 Nxf7 19. Nxf6 gxf6
20. Bf4 Nd5 21. Bxd5 Rxd5 22. Rad1 Rxd1 23. Kxd1 Kc8 24. Re7 Rd8+ 25. Kc2 Rd7
26. Re6 Ng5 27. Rxf6 Ne4 28. Rf8+ Rd8 29. Rxd8+ Kxd8 30. f3 Nc5 31. h4 Ne6 32.
Be5 Ke7 33. Kd3 b5 34. f4 c5 35. Ke4 c4 36. Kd5 Kd7 37. f5 Nd8 38. f6 a6 39. g4
Ne6 40. f7 Ke7 41. f8=Q+ Nxf8 42. Bd6+ Kf7 43. Bxf8 Kxf8 44. Kc5 Ke7 45. a4
bxa4 46. Kxc4 Ke6 47. Kb4 Ke5 48. Kxa4 Kf4 49. Ka5 Kxg4 50. Kxa6 Kxh4 51. b4 h5
52. b5 Kg3 53. b6 h4 54. b7 h3 55. b8=Q+ Kg2 56. Qb2+ Kg1 57. Qc1+ Kg2 58. Qd2+
Kg1 59. Qe1+ Kg2 60. Qe2+ Kg1 61. Qg4+ Kh2 62. Kb5 1-0

[Event "257th YMCA Spring A"]
[Site "Warsaw"]
[Date "2022.04.29"]
[Round "5"]
[White "Kaminski, Maciej"]
[Black "Pichurko, Jakub"]
[Result "1-0"]
[WhiteElo "1933"]
[BlackElo "1818"]
[PlyCount "97"]
[EventDate "2022.04.07"]
[EventType "tourn"]
[EventRounds "1"]
[EventCountry "POL"]
[SourceDate "2022.04.05"]

1. e4 c6 2. d4 d5 3. e5 Bf5 4. h4 h6 5. g4 Bd7 6. Bd3 c5 7. c3 Nc6 8. Be3 Qb6
9. b3 cxd4 10. cxd4 e6 11. Ne2 Nb4 12. Nbc3 Nxd3+ 13. Qxd3 Ne7 14. f4 Nc6 15.
h5 O-O-O 16. Na4 Qa5+ 17. Bd2 Bb4 18. Nc5 Bxd2+ 19. Qxd2 Qxd2+ 20. Kxd2 b6 21.
Nxd7 Rxd7 22. Rhc1 Rc7 23. Ke3 f6 24. Nc3 a6 25. Na4 Kb7 26. Nb2 fxe5 27. fxe5
Rf8 28. Rf1 Rcf7 29. Rxf7+ Rxf7 30. Nd3 Kc7 31. Nf4 Kd7 32. Rd1 Na7 33. Rc1 Nb5
34. a4 Na7 35. a5 bxa5 36. Nd3 Ke8 37. Nc5 Rc7 38. Ra1 Rc6 39. Rxa5 Nb5 40.
Nxa6 Rc3+ 41. Kd2 Rxb3 42. Rxb5 Rg3 43. Rb8+ Kf7 44. Rb7+ Kg8 45. Nc5 Rxg4 46.
Nxe6 Rg3 47. Rxg7+ Rxg7 48. Nxg7 Kxg7 49. Kc3 1-0

[Event "257th YMCA Spring A"]
[Site "Warsaw"]
[Date "2022.05.06"]
[Round "5"]
[White "Polak, Michal"]
[Black "Dunalewicz, Pawel"]
[Result "1-0"]
[WhiteElo "1915"]
[BlackElo "1926"]
[PlyCount "55"]
[EventDate "2022.04.07"]
[EventType "tourn"]
[EventRounds "1"]
[EventCountry "POL"]
[SourceDate "2022.04.05"]

1. d4 d5 2. c4 e6 3. Nc3 c5 4. cxd5 exd5 5. Nf3 Nf6 6. g3 Nc6 7. Bg2 cxd4 8.
Nxd4 Bc5 9. Nb3 Bb6 10. O-O d4 11. Na4 O-O 12. Bg5 Re8 13. Re1 h6 14. Nxb6 axb6
15. Bxc6 bxc6 16. Bxf6 Qxf6 17. Qxd4 Qd8 18. Qc3 Qc7 19. Nc1 Bb7 20. Nd3 c5 21.
f3 Re3 22. Kf2 Rae8 23. Qd2 Qd7 24. Rad1 Qd4 25. Kg2 Rd8 26. Qc3 Qxc3 27. bxc3
Bxf3+ 28. Kf2 1-0

[Event "257th YMCA Spring A"]
[Site "Warsaw"]
[Date "2022.06.01"]
[Round "6"]
[White "Pajak, Jakub"]
[Black "Dunalewicz, Pawel"]
[Result "1/2-1/2"]
[WhiteElo "1932"]
[BlackElo "1926"]
[PlyCount "120"]
[EventDate "2022.04.07"]
[EventType "tourn"]
[EventRounds "1"]
[EventCountry "POL"]
[SourceDate "2022.04.05"]

1. e4 e6 2. d4 d5 3. Nc3 Nf6 4. Bg5 dxe4 5. Nxe4 Nbd7 6. Nf3 Be7 7. Nxf6+ Nxf6
8. Bd3 b6 9. Bb5+ Bd7 10. Bxd7+ Nxd7 11. Bxe7 Qxe7 12. O-O O-O 13. c3 Rad8 $11
14. Qa4 a5 15. Rad1 Qd6 16. Rfe1 c6 17. Qc2 h6 18. Nd2 Qc7 19. Re3 c5 20. Nf1
Nf6 21. Red3 c4 22. Rg3 e5 23. Qf5 Nh7 24. Qh5 exd4 25. cxd4 Nf6 26. Qh4 Rd5
27. Ne3 Rh5 28. Qxf6 Qxg3 29. hxg3 gxf6 30. Nxc4 Rb5 31. b3 Rd8 32. Kf1 a4 33.
Rd3 Ra8 34. Ke2 Kf8 35. Ke3 Ke7 36. Ke4 axb3 37. axb3 Ra2 38. Ke3 Ra1 39. g4
Re1+ 40. Kd2 Ra1 41. Ke3 Ra2 42. g3 Ra8 43. Kf4 Ra2 44. Ke3 Kd7 45. f4 Kc7 46.
d5 Ra1 47. Ke4 Kd7 48. Kf5 Rb1 49. Nd2 Rd1 50. Kxf6 Rc5 51. Kxf7 Rc2 52. Nc4
Rxd3 53. Ne5+ Kd6 54. Nxd3 Rc3 55. Ne5 Rxb3 56. Kg6 Rxg3 57. Kxh6 b5 58. g5
Kxd5 59. g6 b4 60. g7 Rxg7 1/2-1/2

[Event "257th YMCA Spring A"]
[Site "Warsaw"]
[Date "2022.05.13"]
[Round "6"]
[White "Pichurko, Jakub"]
[Black "Polak, Michal"]
[Result "0-1"]
[WhiteElo "1818"]
[BlackElo "1915"]
[PlyCount "122"]
[EventDate "2022.04.07"]
[EventType "tourn"]
[EventRounds "1"]
[EventCountry "POL"]
[SourceDate "2022.04.05"]

1. d4 Nf6 2. Nf3 e6 3. Bf4 c5 4. dxc5 Bxc5 5. e3 Qb6 6. Qc1 Nc6 7. Nbd2 d5 8.
Nb3 Be7 9. h3 Ne4 10. Be2 g5 11. Be5 Nxe5 12. Nxe5 Qc7 13. Bb5+ Kf8 14. Nf3 h5
15. Nfd2 Nd6 16. Be2 Bd7 17. Qd1 h4 18. Rc1 b5 19. O-O f5 20. Na1 Bf6 21. c3
Ke7 22. Nc2 Rag8 23. f3 Qb6 24. Kh1 Ne8 25. Re1 Be5 26. Nf1 Nf6 27. Nh2 Bb8 28.
Qd4 Qc7 29. Nf1 Nh5 30. e4 Ng3+ 31. Nxg3 Qxg3 32. Qg1 dxe4 33. Nd4 g4 34. fxg4
fxg4 35. Bxg4 Rxg4 36. Re3 Qxg2+ 37. Qxg2 Rxg2 38. Kxg2 Bf4 39. Rce1 Rg8+ 40.
Kf1 e5 41. Rxe4 Bxh3+ 42. Ke2 Rg2+ 43. Kf3 Rg3+ 44. Kf2 Rg2+ 45. Kf3 Kf6 46.
Ne2 Kf5 47. Rh1 Bg4+ 48. Kxg2 Kxe4 49. Kf1 h3 50. Ng1 h2 51. Kg2 hxg1=Q+ 52.
Rxg1 Bf3+ 53. Kf1 Kd3 54. Rg7 Be2+ 55. Kf2 Be3+ 56. Ke1 Bf3 57. Rd7+ Kc2 58.
Re7 e4 59. Re5 Bf4 60. Rxb5 Bg3+ 61. Kf1 e3 0-1

[Event "257th YMCA Spring A"]
[Site "Warsaw"]
[Date "2022.06.01"]
[Round "6"]
[White "Sloniewski, Michal"]
[Black "Kaminski, Maciej"]
[Result "1-0"]
[WhiteElo "1834"]
[BlackElo "1933"]
[PlyCount "93"]
[EventDate "2022.04.07"]
[EventType "tourn"]
[EventRounds "1"]
[EventCountry "POL"]
[SourceDate "2022.04.05"]

1. d4 Nf6 2. Nf3 g6 3. g3 Bg7 4. Bg2 O-O 5. O-O d6 6. c4 Nc6 7. d5 Na5 8. Qa4
c5 9. Nbd2 a6 10. e4 b5 11. Qc2 Nxc4 12. Nxc4 bxc4 13. Nd2 c3 14. bxc3 a5 15.
Rb1 a4 16. c4 Qa5 17. Bb2 Bd7 18. Bc3 Qa7 19. f4 Rfb8 20. Rbe1 a3 21. e5 Bf5
22. Ne4 Nxe4 23. Bxe4 Bh3 24. Rf2 Qa4 25. Qe2 f6 26. Bc2 Qa6 27. exd6 exd6 28.
g4 Re8 29. Qf3 Qxc4 30. Rxe8+ Rxe8 31. Bb3 Qe4 32. Qxh3 c4 33. Ba4 Rb8 34. Bc2
Qxd5 35. f5 g5 36. Qe3 Qf7 37. Re2 Bf8 38. Qd4 d5 39. Re6 Rb5 40. Kg2 Qb7 41.
Qxf6 d4+ 42. Be4 Rb2+ 43. Kh3 Qc7 44. Qxg5+ Bg7 45. Re8+ Kf7 46. Qh5+ Kf6 47.
Re6# 1-0

[Event "257th YMCA Spring A"]
[Site "Warsaw"]
[Date "2022.06.08"]
[Round "6"]
[White "Choroszej, Aleksander"]
[Black "Kalejta, Arkadiusz"]
[Result "1-0"]
[WhiteElo "2020"]
[BlackElo "1781"]
[PlyCount "63"]
[EventDate "2022.04.07"]
[EventType "tourn"]
[EventRounds "1"]
[EventCountry "POL"]
[SourceDate "2022.04.05"]

1. d4 Nf6 2. c4 e5 3. dxe5 Ng4 4. Bf4 Nc6 5. Nf3 Bb4+ 6. Nc3 Bxc3+ 7. bxc3 Qe7
8. Qd5 f6 9. exf6 Nxf6 10. Qd3 d6 11. g3 O-O 12. Bg2 Re8 13. O-O Qxe2 14. Qxe2
Rxe2 15. Nd4 Nxd4 16. cxd4 a5 17. Rfc1 Ra7 18. c5 dxc5 19. Bxc7 Be6 20. Bb6 Ra8
21. Bxb7 Rb8 22. Bf3 Rxb6 23. Bxe2 cxd4 24. Rd1 Rb2 25. Bf1 d3 26. Rxd3 Bxa2
27. Ra3 Be6 28. Rxa5 Kf7 29. Re1 Bd5 30. Rxd5 Nxd5 31. Bc4 Rd2 32. Re5 1-0

[Event "257th YMCA Spring A"]
[Site "Warsaw"]
[Date "2022.04.14"]
[Round "6"]
[White "Niedbal, Piotr"]
[Black "Lewandrowski, Tomasz"]
[Result "1/2-1/2"]
[WhiteElo "1866"]
[BlackElo "1858"]
[PlyCount "55"]
[EventDate "2022.04.07"]
[EventType "tourn"]
[EventRounds "1"]
[EventCountry "POL"]
[SourceDate "2022.04.05"]

1. e4 c5 2. Nf3 Nc6 3. d4 cxd4 4. Nxd4 e5 5. Nb5 d6 6. c4 Be6 7. Bd3 g6 8. O-O
a6 9. N5c3 Bg7 10. Be3 Nf6 11. Nd5 Bxd5 12. cxd5 Nd4 13. Nc3 O-O 14. f4 Nh5 15.
f5 Nf4 16. Bxd4 exd4 17. Ne2 Nxe2+ 18. Qxe2 Qg5 19. Rf3 Rac8 20. Raf1 Rc1 21.
fxg6 hxg6 22. g3 Bh6 23. Rxc1 Qxc1+ 24. Rf1 Qc7 25. h4 Qe7 26. Kg2 Be3 27. Qg4
Kg7 28. Rf3 1/2-1/2

[Event "257th YMCA Spring A"]
[Site "Warsaw"]
[Date "2022.05.20"]
[Round "7"]
[White "Kalejta, Arkadiusz"]
[Black "Niedbal, Piotr"]
[Result "0-1"]
[WhiteElo "1781"]
[BlackElo "1866"]
[PlyCount "164"]
[EventDate "2022.04.07"]
[EventType "tourn"]
[EventRounds "1"]
[EventCountry "POL"]
[SourceDate "2022.04.05"]

1. e4 c5 2. Nf3 e6 3. d4 cxd4 4. Nxd4 Nc6 5. Nc3 Qc7 6. Be3 a6 7. Bd3 Nf6 8.
O-O Bb4 9. Kh1 Nxd4 10. Bxd4 e5 11. Be3 d6 12. Bd2 Bc5 13. h3 Be6 14. f4 h5 15.
f5 Bd7 16. Qe2 O-O-O 17. a4 Bc6 18. Be3 Qb6 19. a5 Qc7 20. b4 Bd4 21. Ra3 d5
22. b5 dxe4 23. bxc6 exd3 24. cxb7+ Kb8 25. Qxd3 Qc6 26. Bxd4 Rxd4 27. Qe3 Re8
28. Rb1 Nd7 29. Na2 Qxc2 30. Nc3 Qxf5 31. Qe2 Nc5 32. Raa1 Red8 33. Rd1 Rxd1+
34. Rxd1 Rxd1+ 35. Qxd1 Qd3 36. Qa1 f6 37. Na4 Nxa4 38. Qxa4 Qb5 39. Qc2 Kxb7
40. Qg6 Qf1+ 41. Kh2 Qf4+ 42. Kh1 Qc1+ 43. Kh2 Qc7 44. Qxh5 Qxa5 45. Qf7+ Qc7
46. Qd5+ Kb6 47. h4 a5 48. Qb3+ Kc6 49. Qa4+ Kd6 50. g3 Ke7 51. Qe4 Qd7 52. Qe1
a4 53. Qb4+ Ke8 54. Qc4 Kf8 55. Qb4+ Kg8 56. Qb8+ Kf7 57. Qb4 Qa7 58. Qc4+ Ke7
59. Qb4+ Ke6 60. Qc4+ Kd6 61. Qb4+ Kd5 62. Qb5+ Ke4 63. Qe2+ Kd5 64. Qb5+ Kd6
65. Qb4+ Ke6 66. Qc4+ Ke7 67. Qb4+ Kf7 68. Qc4+ Kf8 69. Qc8+ Ke7 70. Qc4 a3 71.
Qb4+ Ke6 72. Qc4+ Kd6 73. Qb4+ Qc5 74. Qb8+ Ke6 75. Qb3+ Ke7 76. Qb7+ Kf8 77.
Qa8+ Kf7 78. Qb7+ Kg8 79. Qa8+ Qf8 80. Qd5+ Kh8 81. g4 Qc8 82. Qb3 Qxg4 0-1

[Event "257th YMCA Spring A"]
[Site "Warsaw"]
[Date "2022.05.18"]
[Round "7"]
[White "Podgorski, Maciej"]
[Black "Choroszej, Aleksander"]
[Result "0-1"]
[WhiteElo "1940"]
[BlackElo "2020"]
[PlyCount "144"]
[EventDate "2022.04.07"]
[EventType "tourn"]
[EventRounds "1"]
[EventCountry "POL"]
[SourceDate "2022.04.05"]

1. e4 g6 2. d4 Bg7 3. c4 d6 4. Nc3 Nf6 5. Be2 O-O 6. h4 h5 7. Nf3 e5 8. d5 a5
9. Qc2 Na6 10. Ng5 Bd7 11. O-O Nc5 12. b3 Ng4 13. f3 Nh6 14. Be3 f6 15. Ne6
Nxe6 16. dxe6 Bxe6 17. Nd5 Nf7 18. g3 f5 19. Bd3 f4 20. gxf4 Bxd5 21. exd5 exf4
22. Bf2 Bxa1 23. Rxa1 Qf6 24. Rd1 Ne5 25. Be4 Kh8 26. Kf1 b6 27. Ke2 Rg8 28.
Rg1 g5 29. hxg5 Rxg5 30. Rh1 Qg7 31. Kf1 Rg8 32. Bd4 Qh6 33. Qh2 Qf6 34. Qh3
Kg7 35. Rh2 Kf7 36. Re2 h4 37. Bh7 R8g7 38. Bc2 Rg3 39. Qc8 Rxf3+ 40. Ke1 Qe7
41. Bf5 Rfg3 42. Be6+ Kg6 43. Bxe5 dxe5 44. Rxe5 Re3+ 45. Rxe3 fxe3 46. Qh8
Qb4+ 47. Kf1 Qe7 48. Ke2 Qf6 49. Kxe3 Kg5 50. Ke2 c6 51. Qb8 cxd5 52. Qxb6 Qe5+
53. Kd1 dxc4 54. bxc4 Rg6 55. Qd8+ Qf6 56. Qd2+ Kh5 57. Bd5 Qa1+ 58. Ke2 Qe5+
59. Kd1 Rg1+ 60. Kc2 Qf5+ 61. Kc3 Rg3+ 62. Kb2 Qe5+ 63. Kc2 Re3 64. Bf7+ Kh6
65. Bd5 Kh7 66. Qxa5 Qh2+ 67. Kd1 Qg1+ 68. Kc2 Qf2+ 69. Kd1 Rd3+ 70. Kc1 Qf1+
71. Kc2 Qe2+ 72. Kc1 Rd1# 0-1

[Event "257th YMCA Spring A"]
[Site "Warsaw"]
[Date "2022.06.02"]
[Round "7"]
[White "Kaminski, Maciej"]
[Black "Moskwinski, Marek"]
[Result "0-1"]
[WhiteElo "1933"]
[BlackElo "1862"]
[PlyCount "88"]
[EventDate "2022.04.07"]
[EventType "tourn"]
[EventRounds "1"]
[EventCountry "POL"]
[SourceDate "2022.04.05"]

1. e4 c6 2. d4 d5 3. Nc3 dxe4 4. Nxe4 Nf6 5. Nxf6+ exf6 6. c3 Bf5 7. Bd3 Bxd3
8. Qxd3 Bd6 9. Ne2 Nd7 10. Bf4 Bxf4 11. Nxf4 O-O 12. O-O-O Qa5 13. Kb1 Nb6 14.
h4 Nd5 15. Nxd5 Qxd5 16. f3 Rfe8 17. Rhe1 h6 18. g4 Re6 19. c4 Qd6 20. Rxe6
fxe6 21. Qe4 Rd8 22. f4 Rd7 23. g5 f5 24. Qe3 hxg5 25. hxg5 g6 26. Rh1 Qxd4 27.
Qxe6+ Kg7 28. a3 Qe4+ 29. Qxe4 fxe4 30. Re1 Rd4 31. b3 Kf7 32. Rh1 Ke6 33. Rh8
Kf5 34. Rf8+ Kg4 35. f5 gxf5 36. g6 Rd7 37. Rf7 Rd6 38. g7 Rg6 39. Kc2 f4 40.
Rxb7 Kf3 41. c5 Ke2 42. Re7 e3 43. Re6 Rxg7 44. Rxc6 f3 0-1

[Event "257th YMCA Spring A"]
[Site "Warsaw"]
[Date "2022.05.20"]
[Round "7"]
[White "Polak, Michal"]
[Black "Sloniewski, Michal"]
[Result "1-0"]
[WhiteElo "1915"]
[BlackElo "1834"]
[PlyCount "89"]
[EventDate "2022.04.07"]
[EventType "tourn"]
[EventRounds "1"]
[EventCountry "POL"]
[SourceDate "2022.04.05"]

1. e4 d5 2. exd5 Nf6 3. Bb5+ Bd7 4. Bc4 Bg4 5. f3 Bf5 6. Nc3 c6 7. dxc6 Nxc6 8.
Nge2 e5 9. d3 Bc5 10. Ng3 Qd4 11. Qe2 Qh4 12. Be3 Nd4 13. Bxd4 Bxd4 14. Nb5 O-O
15. Nxd4 exd4 16. O-O-O b5 17. Bxb5 Be6 18. Bc4 Nd5 19. Bxd5 Qg5+ 20. f4 Qxd5
21. f5 Bd7 22. Qe4 Qc5 23. Ne2 Ba4 24. Nxd4 Rfe8 25. Qg4 h5 26. Qf4 Rec8 27.
Rd2 Rab8 28. c3 Rb4 29. c4 Rd8 30. Nc2 Bxc2 31. Kxc2 Qa5 32. a3 Qa4+ 33. Kc1
Rb3 34. Qe4 Rdb8 35. Qd4 R3b7 36. f6 Qa6 37. fxg7 Re7 38. Rf1 Rbe8 39. Rdf2 Qa4
40. Qc3 Qc6 41. Kb1 Re2 42. Rxf7 Re1+ 43. Rxe1 Rxe1+ 44. Qxe1 Kxf7 45. Qe4 1-0

[Event "257th YMCA Spring A"]
[Site "Warsaw"]
[Date "2022.05.20"]
[Round "7"]
[White "Dunalewicz, Pawel"]
[Black "Pichurko, Jakub"]
[Result "1-0"]
[WhiteElo "1926"]
[BlackElo "1818"]
[PlyCount "93"]
[EventDate "2022.04.07"]
[EventType "tourn"]
[EventRounds "1"]
[EventCountry "POL"]
[SourceDate "2022.04.05"]

1. e4 Nf6 2. Nc3 d5 3. d3 dxe4 4. Nxe4 Nxe4 5. dxe4 Qxd1+ 6. Kxd1 g6 7. c3 Bg7
8. Bf4 c6 9. Kc2 e5 10. Bg3 O-O 11. Bc4 b5 12. Bb3 a5 13. a3 a4 14. Ba2 Re8 15.
Nf3 h6 16. Rad1 Ra7 17. Bxe5 Nd7 18. Bxg7 Kxg7 19. Rhe1 Nc5 20. Nd4 Rc7 21. f3
Be6 22. Bxe6 Nxe6 23. Nxe6+ Rxe6 24. Rf1 g5 25. Rd8 h5 26. h3 g4 27. hxg4 hxg4
28. Rd4 gxf3 29. gxf3 Rg6 30. Rf2 Re7 31. Kd3 Ree6 32. Ke3 Rg1 33. Rdd2 Reg6
34. f4 R1g3+ 35. Rf3 Rg1 36. e5 Re1+ 37. Re2 Rd1 38. f5 Rg4 39. f6+ Kf8 40. Rh3
Ke8 41. Rh8+ Kd7 42. Ra8 Ke6 43. Re8+ Kf5 44. Rf2+ Kg6 45. Rg8+ Kh5 46. Rh2+
Rh4 47. Rh8+ 1-0

[Event "257th YMCA Spring A"]
[Site "Warsaw"]
[Date "2022.05.27"]
[Round "8"]
[White "Pajak, Jakub"]
[Black "Pichurko, Jakub"]
[Result "0-1"]
[WhiteElo "1932"]
[BlackElo "1818"]
[PlyCount "56"]
[EventDate "2022.04.07"]
[EventType "tourn"]
[EventRounds "1"]
[EventCountry "POL"]
[SourceDate "2022.04.05"]

1. e4 Nf6 2. Nc3 d5 3. e5 Nfd7 4. f4 e6 5. d4 c5 6. Nf3 Nc6 7. Be3 a6 8. Be2
Be7 9. O-O O-O 10. Na4 cxd4 11. Nxd4 Nxd4 12. Bxd4 b5 13. Nc3 Bc5 14. Bxc5 Nxc5
15. Bd3 f5 16. Rf3 Ne4 17. Bxe4 fxe4 $11 18. Rh3 Rxf4 19. Qh5 h6 20. Qg6 Qg5
21. Qe8+ Rf8 22. Qc6 Ra7 23. Kh1 Raf7 24. Rg1 Rf1 25. Ne2 Qd2 26. Rxf1 Rxf1+
27. Ng1 Rxg1+ 28. Kxg1 Qe1# 0-1

[Event "257th YMCA Spring A"]
[Site "Warsaw"]
[Date "2022.05.27"]
[Round "8"]
[White "Moskwinski, Marek"]
[Black "Polak, Michal"]
[Result "0-1"]
[WhiteElo "1862"]
[BlackElo "1915"]
[PlyCount "102"]
[EventDate "2022.04.07"]
[EventType "tourn"]
[EventRounds "1"]
[EventCountry "POL"]
[SourceDate "2022.04.05"]

1. d4 Nf6 2. c4 e6 3. Nf3 b6 4. g3 Ba6 5. b3 b5 6. Bg2 bxc4 7. Ne5 d5 8. bxc4
Bb4+ 9. Bd2 Bxd2+ 10. Nxd2 O-O 11. O-O Nfd7 12. Qa4 Nb6 13. Qa3 f6 14. cxd5
exd5 15. Nd3 Re8 16. Rfe1 Qd6 17. Qxd6 cxd6 18. Nf4 Bb7 19. Rac1 Na6 20. Nb3
Rac8 21. Na5 Ba8 22. Bf3 g6 23. Bg4 f5 24. Bf3 Nb4 25. Nb3 Nxa2 26. Ra1 Rc2 27.
Nc1 Nxc1 28. Rexc1 Rxc1+ 29. Rxc1 Re7 30. e3 Kf7 31. Kf1 g5 32. Nd3 Ke8 33. g4
fxg4 34. Bxg4 Kd8 35. Nb4 Rc7 36. Ra1 Rc4 37. Nd3 Ra4 38. Rxa4 Nxa4 39. Ke2
Nc3+ 40. Kd2 Ne4+ 41. Kc2 Bc6 42. f4 h6 43. Bf3 a5 44. fxg5 hxg5 45. Bg4 Kc7
46. Kb2 Bb5 47. Ne1 Nd2 48. Nc2 Ba4 49. h3 Nc4+ 50. Kc3 Bxc2 51. Kxc2 Nxe3+ 0-1

[Event "257th YMCA Spring A"]
[Site "Warsaw"]
[Date "2022.05.26"]
[Round "8"]
[White "Choroszej, Aleksander"]
[Black "Kaminski, Maciej"]
[Result "1-0"]
[WhiteElo "2020"]
[BlackElo "1933"]
[PlyCount "115"]
[EventDate "2022.04.07"]
[EventType "tourn"]
[EventRounds "1"]
[EventCountry "POL"]
[SourceDate "2022.04.05"]

1. d4 f5 2. Bg5 Nf6 3. Bxf6 exf6 4. e3 d5 5. c4 c6 6. Nc3 Be6 7. cxd5 Bxd5 8.
Nf3 Bb4 9. Bd3 Qa5 10. O-O g6 11. Nxd5 Qxd5 12. Qc2 Nd7 13. a3 Ba5 14. b4 Bc7
15. b5 c5 16. e4 Qd6 17. e5 fxe5 18. dxe5 Qe7 19. e6 Nb6 20. a4 Nd5 21. Bc4
O-O-O 22. a5 Rhe8 23. Qb3 Nb4 24. Rfe1 g5 25. b6 axb6 26. axb6 Bxb6 27. Ne5 Kc7
28. Rec1 Rd6 29. Nd7 Rd8 30. Ne5 Rd2 31. Bb5 R8d5 32. Qxb4 Qxe6 33. Nf3 Rd1+
34. Bf1 g4 35. Ne1 Qd6 36. Qb3 R1d2 37. Rab1 f4 38. Nd3 R5xd3 39. Bxd3 Rxd3 40.
Qf7+ Kc6 41. Re1 g3 42. Re6 gxf2+ 43. Kf1 Bc7 44. Qe8+ Kd5 45. Rxd6+ Bxd6 46.
Kxf2 c4 47. Qf7+ Kd4 48. Qg7+ Be5 49. Qxb7 Rd2+ 50. Kf1 Kc3 51. Rc1+ Kd3 52.
Qxh7+ Ke3 53. Qh3+ Ke4 54. Qf3+ Kf5 55. Rxc4 Rb2 56. Qd3+ Kg4 57. Qg6+ Kh4 58.
g3+ 1-0

[Event "257th YMCA Spring A"]
[Site "Warsaw"]
[Date "2022.05.27"]
[Round "8"]
[White "Lewandrowski, Tomasz"]
[Black "Kalejta, Arkadiusz"]
[Result "1-0"]
[WhiteElo "1858"]
[BlackElo "1781"]
[PlyCount "89"]
[EventDate "2022.04.07"]
[EventType "tourn"]
[EventRounds "1"]
[EventCountry "POL"]
[SourceDate "2022.04.05"]

1. d4 d5 2. Nc3 e6 3. Bf4 Bb4 4. Qd3 Nd7 5. Qg3 Qf6 6. e3 c6 7. Bg5 Qg6 8. Bd3
f5 9. Nf3 Ngf6 10. Bxf6 Qxf6 11. O-O Qe7 12. Ne2 O-O 13. Ne5 Nf6 14. f4 Bd7 15.
a4 Be8 16. c3 Bd6 17. b4 a5 18. bxa5 Rxa5 19. Rfb1 c5 20. Bb5 Bxb5 21. axb5
Rfa8 22. Rxa5 Rxa5 23. c4 Qd8 24. Qe1 Ra3 25. Qc1 Ra2 26. Nc3 Ra8 27. cxd5 cxd4
28. exd4 exd5 29. Qc2 g6 30. Qb3 Ra3 31. Qb2 Qb6 32. Nxd5 Nxd5 33. Nc4 Qa7 34.
b6 Qa4 35. Nxd6 Ra2 36. Qb3 Qxd4+ 37. Kh1 Qd2 38. Rg1 Kg7 39. Nxb7 Rb2 40. Qd1
Nxb6 41. Qa1 Nd5 42. Nd6 Nxf4 43. Nc4 Nh3 44. Qa7+ Kh6 45. Nxd2 1-0

[Event "257th YMCA Spring A"]
[Site "Warsaw"]
[Date "2022.04.26"]
[Round "9"]
[White "Podgorski, Maciej"]
[Black "Lewandrowski, Tomasz"]
[Result "0-1"]
[WhiteElo "1940"]
[BlackElo "1858"]
[PlyCount "68"]
[EventDate "2022.04.07"]
[EventType "tourn"]
[EventRounds "1"]
[EventCountry "POL"]
[SourceDate "2022.04.05"]

1. e4 c5 2. Nc3 Nc6 3. Nge2 e5 4. Ng3 Nf6 5. Bc4 d6 6. d3 Be7 7. O-O h5 8. Bg5
Bg4 9. f3 Be6 10. f4 Bg4 11. Qd2 h4 12. Nf5 Bxf5 13. exf5 h3 14. g3 exf4 15.
Rxf4 Ne5 16. Re1 Kf8 17. Qf2 Qb6 18. Bb3 Qc6 19. Re2 Rb8 20. d4 cxd4 21. Qxd4
Bd8 22. Nd5 Nxd5 23. Bxd5 Qa6 24. Bc4 Nxc4 25. Bxd8 Ne5 26. Ba5 Re8 27. Rxe5
dxe5 28. Bb4+ Kg8 29. Qe3 Qc6 30. Rf2 Rh6 31. g4 Qc4 32. Be1 Qxg4+ 33. Kh1 Rd6
34. Rf1 Qg2# 0-1